000 00454nam a2200181Ia 4500
008 100917s9999 xx 000 0 und d
082 _b64172
100 _aभोपे मधुरंजन
245 _aट र
260 _bमनोरमा प्रकाशन
_c1984
300 _a210
365 _b40
520 _aकादंबरी
630 _aट र
650 _aकादंबरी
730 _aट र
942 _cBOOK
999 _c669566
_d669563